00449pab a2200157 454500008004000000100002400040245006900064260000900133300001500142362001200157650001900169650001300188650002400201650002200225773004400247180718b1981 xxu||||| |||| 00| 0 eng d aDivatia, Nandini P. aVocational training and habilitation of the mentally handicapped c1981 ap.746-757. aJul-Sep aRehabilitation aTraining aVocational training aMentally disabled aIndian Journal of Public Administration